| Поле | Инд. | ПП | Название | Значение |
|---|---|---|---|---|
| Тип записи | a | |||
| Библиографический уровень | s | |||
| 001 | Контрольный номер | RU/IS/BASE/391271285 | ||
| 005 | Дата корректировки | 20251031141618.9 | ||
| 008 | Кодируемые данные | 20120525 | ||
| 022 | 0_ | a | ISSN | 1560-4640 |
| 084 | a | Индекс другой классификации/Индекс ББК | 32.97; 32.81 | |
| 090 | a | Полочн. индекс | Сводное описание журнала | |
| 245 | 10 | a | Заглавие | САПР и графика |
| c | Ответственность | учредитель: ООО "САПР.РУ" | ||
| 260 | b | Издательство | САПР.РУ | |
| a | Место издания | Москва | ||
| 310 | a | Периодичность в н.в. | 12 раз в год | |
| 362 | 1_ | a | Даты публикации или номер тома | 2000 - |
| 500 | a | Примечание | Журнал, основан в 1996 году | |
| a | Примечание | Архив выпусков и статей с 2000 г. в свободном доступе на сайте журнала: http://www.sapr.ru/ | ||
| 520 | 0_ | a | Аннотация | На страницах журнала рассказывается о новейших версиях программного и аппаратного обеспечения. Каждый номер посвящен определенной тематике. Таким образом, в 12 номерах представлены практически все направления компьютерной автоматизации инженерной деятельности. Издание ориентировано преимущественно на специалистов, использующих в своей повседневной работе различные средства автоматизации инженерной деятельности. Публикации журнала помогут читателям выбрать оптимальные решения для конкретной области народного хозяйства и узнать об опыте внедрения САПР на других предприятиях |
| 540 | a | Правовые условия | Отложенный бесплатный доступ | |
| b | Поставщик/Провайдер | ООО "КомпьютерПресс" | ||
| 650 | 14 | a | Основная рубрика | программное обеспечение; вычислительная техника; информационные технологии |
| 653 | 0_ | a | Ключевые слова | автоматизация проектирования |
| a | Ключевые слова | автоматизация производства | ||
| a | Ключевые слова | компьютерная графика | ||
| a | Ключевые слова | системы автоматизированного проектирования (САПР) | ||
| 856 | 40 | u | URL | https://sapr.ru/list |
| y | Справочный текст | Электронная версия | ||
| a | Имя сервера/домена | САПР и графика | ||
| d | Путь | https://sapr.ru | ||
| i | Указания/сценарий входа | Отложенный бесплатный доступ | ||
| z | Примечание для пользователя | Архив с 2000 г. по настоящее время | ||
| 900 | a | Имя электронного ресурса | obl_sapr_i_grafika | |
| x | Справочная информация | Обложка | ||
| 901 | t | Тип документа | u | |
| 952 | a | Тип литературы для КСУ ВШ | НЖ |